Les 10 villes du Royaume-Uni les plus peuplées commençant par G - Statistiques

Statistiques générales
  • Ce quiz a été pris 14 fois
  • Le résultat moyen est 2 sur 10
Statistiques - réponses
# Ville Population % Correct
1 Glasgow 591.620
100%
2 Gloucester 150.053
38%
4 Gillingham 101.187
31%
3 Grimsby 134.160
15%
6 Gateshead 77.649
8%
8 Great Yarmouth 63.434
8%
7 Gosport 70.793
0%
10 Grantham 43.833
0%
9 Gravesend 54.263
0%
5 Grays 89.755
0%
Aucun quiz correspondant
Distribution des résultats
% des personnes avec chaque résultat
Percentile par nombre de réponses
Votre historique - résultats
Vous n’avez pas pris ce quiz